00277nam a2200109Ia 4500008004100000020001800041100002200059245003000081250001000111260003200121300001400153171211s9999 xx 000 0 und d a9781259251108 aWidmaier, Eric P. aVander's Human Physiology aXIIII bMcGraw-Hill Educationc2016 a696 pages